Using games and simulations in the classroom (Record no. 87445)

MARC details
000 -LEADER
fixed length control field 00645nam a2200205Ia 4500
008 - FIXED-LENGTH DATA ELEMENTS--GENERAL INFORMATION
fixed length control field 191130s1998##################000#0#eng##
020 ## - INTERNATIONAL STANDARD BOOK NUMBER
ISBN 9780749425661
082 ## - DEWEY DECIMAL CLASSIFICATION NUMBER
Classification number 790.1 ELL
100 ## - MAIN ENTRY--AUTHOR NAME
Personal name Ellington, Henry
245 ## - TITLE STATEMENT
Title Using games and simulations in the classroom
Statement of responsibility, etc Ellington Henry (Director Educational Development Unit Robert Gordon University), Fowlie Joannie, Gordon Monica
260 ## - PUBLICATION, DISTRIBUTION, ETC. (IMPRINT)
Place of publication London
Name of publisher Kogan Page
Year of publication 1998
300 ## - PHYSICAL DESCRIPTION
Number of Pages 159p. : ill
650 ## - SUBJECT ADDED ENTRY--TOPICAL TERM
Topical Term Games
700 ## - ADDED ENTRY--PERSONAL NAME
Personal name Fowlie, Joannie
Personal name Gordon, Monica
991 ## -
-- 373398
Holdings
Withdrawn status Lost status Damaged status Not for loan Home library Current library Shelving location Date acquired Full call number Accession Number Price effective from Koha item type
        Anna Centenary Library Anna Centenary Library 6TH FLOOR, B WING 09.10.2020 790.1 ELL 176946 09.10.2020 English Books

Find us on the map